000 00569nam a2200241Ia 4500
008 210210b2004 xxu||||| |||| 00| 0 eng d
020 _a0335211518
041 _aeng
082 _a070.449 ROWC
100 _aROWE (David) Ed
245 _aCritical readings: sport culture and the media
260 _aEngland
_bOpen University Press
_c2004
300 _axviii, 363
650 _athe
650 _asport
650 _areadings:
650 _amedia
650 _aculture
650 _aCritical
650 _aand
690 _aJournalism
906 _a067119
999 _c149515
_d149515